000 00291nam a22001217a 4500
008 170619b xxu||||| |||| 00| 0 eng d
041 _aeng
080 _a32
100 _a20
101 _aSHP
245 _aPOLITICS SOCIETY IN THE CONTEPORARY MIDDLE EAST
_cPENNER.M
942 _2udc
_cBK
999 _c18053
_d18053